| 000 | 00699nam a22001937a 4500 | ||
|---|---|---|---|
| 003 | OSt | ||
| 005 | 20251204104346.0 | ||
| 008 | 251204b |||||||| |||| 00| 0 eng d | ||
| 040 |
_aDWC-Main ib _cOC |
||
| 082 | _aCirc. 242.63 O65 | ||
| 100 | _aDiwa, Genaro O. | ||
| 245 |
_aThe order of prayer in the liturgy of the hours and celebration of the eucharist for the Dioceses of the Philippines/ _cGenaro O. Diwa |
||
| 260 |
_aManila : _bEpiscopal Commission on Liturgy, _cc200? |
||
| 300 |
_axxx, 184 pages : _billustrations ; _c16cm. |
||
| 650 | _a1. Devotional calendars - Catholic church. | ||
| 650 | _a2. Liturgics | ||
| 700 | _aFr. Anscar J. Chupungco | ||
| 942 |
_2ddc _cBK-CIRC _kCirc. _n0 |
||
| 999 |
_c6810 _d6810 |
||